Revista Argentina de Psicología : Publicación de la Asociación de Psicólogos de Buenos Aires : año 1, N° 4, junio 1970 /

Revista Argentina de Psicología: Publicación de la Asociación de Psicólogos de Buenos Aires (APBA), cuyo número 4 (junio de 1970), está formado por las siguientes colaboraciones: 1) Del psicoanálisis hacia una psicoterapia planificada, por Osvaldo E. Devries, 2) Consideraciones críticas sobre aspect...

সম্পূর্ণ বিবরণ

সংরক্ষণ করুন:
গ্রন্থ-পঞ্জীর বিবরন
অন্যান্য লেখক: Malfé, Ricardo (dirección) (dirección)
বিন্যাস: গ্রন্থ
ভাষা:স্প্যানিশ
প্রকাশিত: Buenos Aires, Argentina : Asociación de Psicólogos de Buenos Aires : Galerna, 1970, c1970
মালা:(Revista Argentina de Psicología ; 4)
বিষয়গুলি:
ট্যাগগুলো: ট্যাগ যুক্ত করুন
কোনো ট্যাগ নেই, প্রথমজন হিসাবে ট্যাগ করুন!

MARC

LEADER 00000nam^a2200000^a^4500
001 000630195
005 20260410000000.0
009 20260526154548.874
037 |a Acervo ITESO - Biblioteca 
041 |a ESP 
082 |a 150. 5  |b REV. V. 1 T. 4 
240 1 0 |a [Revista Argentina de Psicología] 
245 0 0 |a Revista Argentina de Psicología :  |b Publicación de la Asociación de Psicólogos de Buenos Aires : año 1, N° 4, junio 1970 /  |c Dir. de R. Malfé. 
264 4 |a Buenos Aires, Argentina :  |b Asociación de Psicólogos de Buenos Aires :  |b Galerna,  |c 1970, c1970 
300 |a 188 p. 
336 |a texto  |b txt  |2 rdacontenido 
337 |a sin mediación  |b n  |2 rdamedio 
338 |a volumen  |b nc  |2 rdasoporte 
440 1 |a (Revista Argentina de Psicología ;  |v 4) 
520 |a Revista Argentina de Psicología: Publicación de la Asociación de Psicólogos de Buenos Aires (APBA), cuyo número 4 (junio de 1970), está formado por las siguientes colaboraciones: 1) Del psicoanálisis hacia una psicoterapia planificada, por Osvaldo E. Devries, 2) Consideraciones críticas sobre aspectos ideológicos y técnicos de la práctica psicoanalítica habitual: con motivo de "Axiología, neutralidad del analista y contratransferencia", de León Ostrov, por Ricardo Malfé, director de la Revista, 3) La psicología de la conducta, por Carlos L. Sastre, 4) El grupo familiar del paciente esquizofrénico, por Cloe Madane Sojit, 5) Psicoterapia en odontopediatría: aspectos incosncientes de la relación madre-niño-odontólogo, por Edmundo Saimovici y otros, y 6) Diseño experimental: estilos en la resolución de disonancia, por Mirta Fernández y Silvia Rabich; Sección Temas Profesionales: 7) El psicólogo clínico en la Argentina, por Roberto Harari y Edgardo Musso, 8) El psicólogo y su trabajo: estudio preliminar, por Norberto Litvinoff, y 9) Sobre psicología asistencial, por Juana Danis; Sección Comentarios: 10) Ciencia y empirismo ("Problemas del campo psicológico", de Willy y Madeleine Baranger), por Héctor E. Yankelevich, y 11) A propósito de "La responsabilidad de los intelectuales", por Oscar César Traversa; 12) Informes y notas, 13) Actividades de la Asociación de Psicólogos de Buenos Aires, 14) Reseñas y 15) Libros Recibidos. 
567 |a Catalogación rápida 
649 |a XX 
650 |a Psicología -  |x Publicaciones Periódicas -  |x Tema Principal 
650 |a Publicaciones Periódicas Argentinas 
650 |a Publicaciones Periódicas 
700 |a Malfé, Ricardo  |e (dirección) 
910 |a Fondo Castillo-Martínez 
920 |a Impresos - Libros 
930 |a Fondos Especiales 
905 |a 127 
901 |a 630195-10  |b IT2  |c ESP  |i D128977  |u 20260410 
902 |a https://opac.biblio.iteso.mx/vufind/Record/000630195